Visualizzazione normale
Vista MARC
- Bizet Georges
di Personal Name
Records bibliografici associati: 1
001 - CONTROL NUMBER
- control field: 20741
003 - CONTROL NUMBER IDENTIFIER
- control field: IT-RoPau
005 - DATE AND TIME OF LATEST TRANSACTION
- control field: 20140413205244.0
008 - FIXED-LENGTH DATA ELEMENTS
- fixed length control field: 140413|| aca||aabn | a|a d
040 ## - CATALOGING SOURCE
- Original cataloging agency: IT-RoPau
- Transcribing agency: IT-RoPau
100 ## - HEADING--PERSONAL NAME
- Personal name: Bizet Georges
- Dates associated with a name: Codice autore musica SPICS: 10724
- Relator term: Autore musica
- Name of part/section of a work: L'arlesiana - Scenes bohemiennes
670 ## - SOURCE DATA FOUND
- Source citation: Work cat.: (IT-RoPau)103408: Gounod Charles 15283, Faust (Musica del balletto)